Arados con vertedera
שמור ב:
| מחבר ראשי: | |
|---|---|
| פורמט: | ספר |
| שפה: | ספרדית |
| יצא לאור: |
Ciudad de México
Centro Regional de Ayuda Técnica
1967
|
| סדרה: | Boletín Agrícola, 2172
|
| נושאים: | |
| תגים: |
הוספת תג
אין תגיות, היה/י הראשונ/ה לתייג את הרשומה!
|
MARC
| LEADER | 00000nam a2200000 a 4500 | ||
|---|---|---|---|
| 001 | UCQ4057 | ||
| 003 | CL-VaPUC | ||
| 008 | 980829e19670000MX |||||||||||||||||spa|d | ||
| 082 | 0 | 4 | |a 631.3 |b REE |2 21 |
| 100 | 0 | |a Reed, I. F |e author |9 418291 | |
| 245 | 1 | 0 | |a Arados con vertedera |
| 300 | |a 25 p | ||
| 942 | |c BK | ||
| 945 | |d 19980829 00:00:00 |a mvenant | ||
| 260 | |a Ciudad de México |b Centro Regional de Ayuda Técnica |c 1967 | ||
| 650 | 0 | |a Arados |9 401599 | |
| 650 | 7 | |a MAQUINARIA AGRICOLA |2 CL-VaPUC |9 264357 | |
| 650 | 7 | |a MANTENIMIENTO Y REPARACION |2 CL-VaPUC |9 260850 | |
| 583 | |a last modification |c 19980829 00:00:00 |k Rodrigo Vera | ||
| 490 | 0 | |a Boletín Agrícola, 2172 | |
| 999 | |c 274542 |d 274540 | ||